Communication and social interaction: Clinical and therapeutic aspects of human behaviour (Record no. 33743)

MARC details
000 -LEADER
fixed length control field 00349nam a2200109Ia 4500
082 ## - DEWEY DECIMAL CLASSIFICATION NUMBER
Classification number 659.3 + 301
Item number OST
245 #0 - TITLE STATEMENT
Title Communication and social interaction: Clinical and therapeutic aspects of human behaviour
260 ## - PUBLICATION, DISTRIBUTION, ETC. (IMPRINT)
Place of publication New York
Name of publisher Grune and Shatton
Year of publication 1977
700 ## - ADDED ENTRY--PERSONAL NAME
Personal name Ostwald, Peter F
942 ## - ADDED ENTRY ELEMENTS (KOHA)
Koha item type Books
Holdings
Withdrawn status Lost status Damaged status Not for loan Home library Current library Date acquired Cost, normal purchase price Full call number Accession Number Koha item type
        RRII Library RRII Library 16/12/2021 26.50 659.3 + 301 OST 14188 Books